[Event "Baku CC op 1st"]
[Site "Baku"]
[Date "2018.10.24"]
[Round "5"]
[White "Mammadov, Ilkin"]
[Black "Ahadzade, Kanan"]
[Result "0-1"]
[WhiteElo "1544"]
[BlackElo "1991"]
[PlyCount "60"]
[EventDate "2018.10.20"]
[EventType "swiss"]
[EventRounds "9"]
[EventCountry "AZE"]
[SourceTitle "CBM 187 Extra"]
[Source "ChessBase"]
[SourceDate "2018.11.04"]
[SourceVersion "1"]
[SourceVersionDate "2018.11.04"]
[SourceQuality "1"]

1. Nf3 Nf6 2. d4 e6 3. e3 b6 4. Bd3 Bb7 5. 0-0 Be7 6. c4 0-0 7. Nc3 d5 8. Qc2 c5 9. b3 Nc6 10. cxd5 Nb4 11. Qe2 cxd4 12. exd4 Nxd3 13. Qxd3 Nxd5 14. Nxd5 Qxd5 15. Re1 Bf6 16. Bf4 Rad8 17. Be5 Bxe5 18. Rxe5 Qc6 19. Rd1 f6 20. Rh5 Qe4 21. Rh4 Qxd3 22. Rxd3 e5 23. Nd2 g5 24. Rg4 h5 25. Rgg3 e4 26. Rc3 Rxd4 27. Nf1 Rd1 28. h4 g4 29. f3 f5 30. Kf2 f4 0-1